Movies Quiz

Random Movies or Clickable Quiz

2-Word '00s Movies Quiz Stats

Quiz Updated Oct 4, 2016

Also try: 3-Word '00s Movies
Challenge
Share
Tweet
Score 0/24 Timer 02:00
5 Plays Today
% Correct
Finding
99.1%
Monsters,
99%
Fantastic
98%
Star
98%
Casino
98%
Pearl
97.7%
Wedding
97.5%
Inglourious
97.2%
Mean
97.2%
District
97.2%
Sin
96.7%
American
96.6%
% Correct
Superman
96.2%
Moulin
96.1%
Love
96.1%
Tropic
95.4%
Gran
95.2%
Donnie
95.1%
Minority
94.9%
Step
94%
Training
93.8%
Pan's
93.2%
Yes
92.6%
Spirited
89.8%

You're not logged in!

Compare scores with friends on all Sporcle quizzes.
Join for Free
OR
Log In

You Might Also Like...

Show Comments

Extras

Top Quizzes Today


Score Distribution

Your Account Isn't Verified!

In order to create a playlist on Sporcle, you need to verify the email address you used during registration. Go to your Sporcle Settings to finish the process.

Report this User

Report this user for behavior that violates our Community Guidelines.

Details: